000
00188nam a22000857a 4500
082
_a
624ATS
100
_a
American technical society
245
_a
Cyclopedia of civil engineering
942
_c
BK
999
_c
17000
_d
17000